Panorama francophone 1 : (Record no. 288989)
[ view plain ]
| 000 -LEADER | |
|---|---|
| fixed length control field | 00549nam a22001817a 4500 |
| 003 - CONTROL NUMBER IDENTIFIER | |
| control field | LC |
| 005 - DATE AND TIME OF LATEST TRANSACTION | |
| control field | 20151127094013.0 |
| 008 - FIXED-LENGTH DATA ELEMENTS--GENERAL INFORMATION | |
| fixed length control field | 151127b xxu||||| |||| 00| 0 eng d |
| 020 ## - INTERNATIONAL STANDARD BOOK NUMBER | |
| International Standard Book Number | 9780957601222 |
| 020 ## - INTERNATIONAL STANDARD BOOK NUMBER | |
| International Standard Book Number | 0957601220 |
| 050 ## - LIBRARY OF CONGRESS CALL NUMBER | |
| Classification number | PC 2112 .B768 2014 |
| 100 ## - MAIN ENTRY--PERSONAL NAME | |
| Personal name | Bourdais, Daniele |
| 245 ## - TITLE STATEMENT | |
| Title | Panorama francophone 1 : |
| Remainder of title | cahier d'exercicces |
| Statement of responsibility, etc | Daniele Bourdais, Sue Finnie |
| 260 ## - PUBLICATION, DISTRIBUTION, ETC. (IMPRINT) | |
| Place of publication, distribution, etc | United Kingdom : |
| Name of publisher, distributor, etc | Hobss the printers ltd. |
| Date of publication, distribution, etc | 2014 |
| 300 ## - PHYSICAL DESCRIPTION | |
| Extent | 40 pages., |
| Other physical details | ill.,photos.; |
| Dimensions | 230 x 275mm |
| 700 ## - ADDED ENTRY--PERSONAL NAME | |
| Personal name | Finnie, Sue |
| 942 ## - ADDED ENTRY ELEMENTS (KOHA) | |
| Source of classification or shelving scheme | Library of Congress Classification |
| Koha item type | Books |
| Withdrawn status | Lost status | Source of classification or shelving scheme | Damaged status | Home library | Current library | Shelving location | Date acquired | Source of acquisition | Sub Shelving location | Total Checkouts | Total Renewals | Full call number | Barcode | Date last seen | Date checked out | Price effective from | Koha item type |
|---|---|---|---|---|---|---|---|---|---|---|---|---|---|---|---|---|---|
| Library of Congress Classification | Luxembourg Library | Luxembourg Library | International Baccalaureate Section | 11/27/2015 | Library Fund | 1 | 1 | PC 2112 .B768 2014 | IB0205 | 06/15/2016 | 01/14/2016 | 11/27/2015 | Books | ||||
| Library of Congress Classification | Luxembourg Library | Luxembourg Library | International Baccalaureate Section | 11/27/2015 | Library Fund | 1 | 1 | PC 2112 .B768 2014 | IB0206 | 06/15/2016 | 01/14/2016 | 11/27/2015 | Books | ||||
| Library of Congress Classification | Luxembourg Library | Luxembourg Library | International Baccalaureate Section | 11/27/2015 | Library Fund | 6 | 20 | PC 2112 .B768 2014 | IB0207 | 07/26/2019 | 04/15/2019 | 11/27/2015 | Books | ||||
| Library of Congress Classification | Luxembourg Library | Luxembourg Library | Teachers Reference Section | 11/27/2015 | Library Fund | TR IB PC 2112 .B768 2014 | IB0208 | 08/23/2016 | 11/27/2015 | Books | |||||||
| Library of Congress Classification | Luxembourg Library | Luxembourg Library | Teachers Reference Section | 11/27/2015 | Library Fund | TR IB PC 2112 .B768 2014 | IB0209 | 08/24/2016 | 11/27/2015 | Books |